Biorefineries and chemical processes design, integration and sustainability analysis
"This book is for educators, postgraduate and final year undergraduate students in chemical engineering, environmental and biochemical engineering and applied science subjects, as well as researchers and practitioners in industry"--
Gespeichert in:
| Hauptverfasser: | , , |
|---|---|
| Format: | Buch |
| Sprache: | Englisch |
| Veröffentlicht: |
Chichester, West Sussex ; Hoboken, NJ
Wiley
2014.
|
| Schlagworte: | |
| Online-Zugang: | Im OPAC anzeigen |
| Tags: |
Keine Tags, Fügen Sie das erste Tag hinzu!
|
MARC
| LEADER | 00000cam a22000008i 4500 | ||
|---|---|---|---|
| 005 | 20260127134130.0 | ||
| 008 | 141030s2014 enk 001 0 eng | ||
| 010 | |a 2013-049101 | ||
| 020 | |a 9781119990864 | ||
| 035 | |a vtls010631838 | ||
| 039 | 9 | |a 201410300924 |b mschk03 |y 201410300919 |z mschk03 | |
| 040 | |a DLC |b eng |c DLC |e rda |d DLC |d STUSCHK1 | ||
| 042 | |a pcc | ||
| 080 | 0 | 0 | |a 662/.88 |2 23 |
| 084 | |a SCI013000 |2 bisacsh | ||
| 100 | 1 | |a Sadhukhan, Jhuma | |
| 245 | 1 | 0 | |a Biorefineries and chemical processes |b design, integration and sustainability analysis |c Jhuma Sadhukhan, Kok Siew Ng, Elias Martinez Hernandez. |
| 260 | 1 | |a Chichester, West Sussex ; |a Hoboken, NJ |b Wiley |c 2014. | |
| 263 | |a 1406 | ||
| 300 | |a xx, 625 p. |b ill. |c 24,5 cm | ||
| 336 | |a text |2 rdacontent | ||
| 337 | |a unmediated |2 rdamedia | ||
| 500 | |a Includes index. | ||
| 520 | |a "This book is for educators, postgraduate and final year undergraduate students in chemical engineering, environmental and biochemical engineering and applied science subjects, as well as researchers and practitioners in industry"-- |c Provided by publisher. | ||
| 650 | 0 | |a Biomass |x Refining. | |
| 650 | 0 | |a Biomass chemicals |x Technological innovations. | |
| 650 | 0 | |a Biomass chemicals industry. | |
| 650 | 0 | |a Biomass energy industries |x Environmental aspects. | |
| 650 | 7 | |a SCIENCE / Chemistry / General. |2 bisacsh | |
| 700 | 1 | |a Ng, Kok Siew, |4 aut | |
| 700 | 1 | |a Hernandez, Elias Martinez |4 aut | |
| 776 | 0 | 8 | |i Online version: |a Sadhukhan, Jhuma, author. |t Biorefineries and chemical processes |d Chichester, West Sussex ; Hoboken, NJ : Wiley, 2014 |z 9781118698136 |w (DLC) 2013050485 |
| 906 | |a 7 |b cbc |c orignew |d 1 |e ecip |f 20 |g y-gencatlg | ||
| 910 | |a SCHK95 | ||
| 919 | |a 978-1-119-99086-4 | ||
| 925 | 0 | |a acquire |b 2 shelf copies |x policy default | |
| 955 | |d th92 2013-12-17 to SL |e rl02 20 13-12-18 to Dewey |w xl06 2013-12-18 | ||
| 963 | |a Lesly Jean; phone: 201-748-6312; email: ljean@wiley.com; bc: ccopy@wiley.com | ||
| 999 | |c 4810 |d 4810 | ||